000 00334nam a2200145Ia 4500
008 191201s2004 xx 000 0 und d
082 _a621.38
_bKII
100 _aKISSELL, Thomas E
245 0 _aIndustrial Electronics
250 _a3rd
260 _aN.Delhi
_bPHI
_c2004
300 _a904
650 _aB.Tech(ECE)
942 _2ddc
_cBK
999 _c1124
_d1124